LEGAL LANGUAGE / WRITING INCLDING GENERAL ENGLISH (Record no. 6939)

MARC details
000 -LEADER
fixed length control field 00471nam a22001817a 4500
005 - DATE AND TIME OF LATEST TRANSACTION
control field 20210904120658.0
008 - FIXED-LENGTH DATA ELEMENTS--GENERAL INFORMATION
fixed length control field 200608b xxu||||| |||| 00| 0 eng d
020 ## - INTERNATIONAL STANDARD BOOK NUMBER
ISBN 978-81-940036-5-6
041 ## - LANGUAGE CODE
Language code of text/sound track or separate title eng
082 ## - DEWEY DECIMAL CLASSIFICATION NUMBER
Classification number 344.5409
100 ## - MAIN ENTRY--AUTHOR NAME
Personal name JAIN PROF RATAN LAL
245 ## - TITLE STATEMENT
Title LEGAL LANGUAGE / WRITING INCLDING GENERAL ENGLISH
250 ## - EDITION STATEMENT
Edition statement 6TH ED. 2019
260 ## - PUBLICATION, DISTRIBUTION, ETC. (IMPRINT)
Place of publication ALLAHABAD
Name of publisher CENTRAL LAW AGENCY
300 ## - PHYSICAL DESCRIPTION
Number of Pages 496; xviii.p
650 ## - SUBJECT ADDED ENTRY--TOPICAL TERM
Topical Term LAW
942 ## - ADDED ENTRY ELEMENTS (KOHA)
Koha item type Books
Holdings
Lost status Damaged status Collection code Home library Current library Shelving location Date acquired Source of acquisition Cost, normal purchase price Full call number Accession Number Koha item type
    Reference JRU Library JRU Library SHELF-1-A 20/06/2020 PURCHESS 400.00 344.5409 24925 Books
      JRU Library JRU Library SHELF-30-B 20/06/2020 PURCHESS 400.00 344.5409 24926 Books
      JRU Library   SHELF-30-B 20/06/2020 PURCHESS 400.00 344.5409 24927 Books